01152nam a2200253 a 450000100100000000500170001000800410002702000180006804000250008608200200011110000470013124500850017826000360026330000200029950000700031959000260038965000280041565000310044391000370047495201320051195201170064395201230076099900150088300000582420240412074203.0090824s2009 dr 000 p spa d a9789945162936 aDO-SdBNPbspacBNPHU aRD861.44bV164r1 aValerio-Holguín, Fernando,d1956-91645410aRituales de la bella pagana :bdiálogos de amor /cFernando Valerio-Holguín. aSanto Domingo :bBúho,c2009. a84 p. ;c22 cm. aIncluye datos biográficos del autor en la solapa de la cubierta aInventariado, 2019/LP 0aPoesía dominicana966 0aLiteratura dominicana.967 aValidado. Control de calidad MFF 001054708DSaGRbGRcHDd2009-08-24iLF1l0oRD861.44 V164rp5824-30r2020-06-25te. 3w2020-06-25yLFDSZPréstamo en sala 0010718PDaPDbPDcHDd2009-08-24iLF1l0oRD861.44 V164rp5824-10r2020-06-25w2020-06-25yLFPDZNo se presta 0010718PDaPDbPDcHDd2009-08-24iLF1l0oRD861.44 V164rp5824-20r2020-06-25te. 2w2020-06-25yLFPDZNo se presta c5620d5620